000
00330nam a22001337a 4500
008
181018b xxu||||| |||| 00| 0 eng d
020
_a
2801883097105
041
_a
eng
080
_a
574
100
_a
9
101
_a
MJE
245
_a
57 Ways To PrOTECT yOur Home Environment And Yourdself
_c
Lnad.t
942
_2
udc
_c
BK
999
_c
50150
_d
50150